01585cam a2200409 a 4500999001700000001000900017003000400026005001700030008004100047010001700088020003700105020003400142020006900176020006600245020003700311020003400348040001800382042000800400050002000408082001600428100003400444245011500478250001200593260003000605300005200635500006400687650002600751650005000777650002300827650004700850650002300897650002200920700002800942906004500970942003901015952012101054 c26481d2648117375090OSt20170204124910.0120706s2013 mauab 000 0 eng  a 2012027318 a9780205914197 (Student editions) a0205914195 (Student editions) a9780205871162 (Instructor's review copy (Child Dev, 9 chapters)) a020587116X (Instructor's review copy (Child Dev, 9 chapters)) a9780205927425 (Books a la Carte) a0205927424 (Books a la Carte) aDLCcDLCdDLC apcc00aHQ774 .A76 201300a305.2312231 aArnett, Jeffrey Jensen.d201310aChild development through middle childhood :ba cultural approach /cJeffrey Jensen Arnett, Ashley E. Maynard. a1st ed. aBoston :bPearson,c2013. axxxiv, 403 p. :bcol. ill., col. maps ;c28 cm. aIncludes bibliographical references (p. 358-389) and index. 0aInfantsxDevelopment. 0aInfantsxDevelopmentvCross-cultural studies. 0aChild development. 0aChild developmentvCross-cultural studies. 0aInfant psychology. 0aChild psychology.1 aMaynard, Ashley,d2013- a7bcbccorignewd1eecipf20gy-gencatlg 2lcccBOOKShHQ774 .A76 2013k33674 00102lcc4070aMUCbMUCcGENd2017-02-04eDonation (BFA)l0oHQ774 .A76 2013p33674r2017-02-04w2017-02-04yBOOKS